000 00759nas a2200253 4500
001 BR9507315
003 BR-BrBNA
005 20231205095434.0
007 ta
008 230509b bl.|||p| |||| 00| 00por d
040 _aBR-BrBNA
_bpor
_cBiblioteca Nacional de Agricultura
041 _a(Pt)
072 _aL73
100 1 _aHipolito, O.
100 1 _aSilva, J.M.L. da
100 1 _aBarbosa, M.
245 1 _aSobre dois casos de orquite brucelica em suinos
650 _aSUÍNO
650 _aTesticulo
650 _aOrquite
773 0 _tArquivos da Escola Superior de Veterinaria da Universidade Rural do Estado de Minas Gerais (Brazil)
_x
_g(1958), v. 11 p. 345-349
_wBR9507315
909 _a202311
_bLúcia
_c55
_dLúcia Elande
942 _2AGRIS
_n0
_cANA
999 _c150671
_d150671